000 00400nam a22001697a 4500
005 20160526122434.0
008 160526b xxu||||| |||| 00| 0 eng d
020 _a0-07-460068-0
041 _aeng
082 _b5205
100 _aChoudhury S.
_9882
245 _aProject Management
260 _aNew Delhi
_bAcademic Faundation
_c2004
300 _a239
650 _aManagement
_9241
942 _cBK
999 _c1828
_d1827